| 000 | 00716nam a2200229 a 4500 | ||
|---|---|---|---|
| 003 | DO-SdBNP | ||
| 005 | 20220513135755.0 | ||
| 007 | ta | ||
| 008 | 220513e2017 dr ||||er|||| 001 fdspa d | ||
| 020 | _a9789945168136 | ||
| 040 |
_aDO-SdBNP _bspa _cBNPHU |
||
| 082 | 4 |
_222 _bG934r |
|
| 245 |
_aRobinson Parkinson y la puerta de las dos vidas. / _cPaul Guerra Rosado |
||
| 260 |
_aSanto Domingo : _bBúho, _c2017 |
||
| 300 |
_a160 p. ; _c23 cm. |
||
| 500 | _aIncluye datos biográficos del autor en las solapas de las cubiertas. | ||
| 590 | _aInventariado 2022 / MF | ||
| 650 | 4 |
_978273 _aLiteratura _xRepública Dominicana |
|
| 650 | 4 |
_910820 _aCrecimiento Personal _xNovela |
|
| 910 | _aMFeliz | ||
| 942 |
_2ddc _cLBS1 |
||
| 999 |
_c51725 _d51725 |
||